MARC

LEADER 00000nam0a2200000 4500
001 311076
005 20231102002342.0
035 |a (RuTPU)RU\TPU\book\336431 
090 |a 311076 
100 |a 20151202d1982 km y0rusy50 ca 
101 0 |a rus 
102 |a RU 
105 |a a z 001zy 
200 1 |a Геофизические методы в региональной геологии  |e сборник статей  |f Академия наук СССР (АН СССР), Сибирское отделение (СО), Институт геологии и геофизики (ИГиГ) ; под ред. Н. Н. Пузырева 
210 |a Новосибирск  |c Наука  |d 1982 
215 |a 157 с.  |c ил. 
225 1 |a Труды Института геологии и геофизики  |v вып. 543 
320 |a Библиография в конце статей 
606 1 |a Геология региональная  |2 stltpush  |3 (RuTPU)RU\TPU\subj\6120  |9 34078 
606 1 |a Геофизика прикладная  |2 stltpush  |3 (RuTPU)RU\TPU\subj\6256  |9 34184 
610 1 |a геофизические исследования 
610 1 |a земная кора 
610 1 |a строение 
610 1 |a верхняя мантия 
610 1 |a Сибирь 
610 1 |a тектоника 
610 1 |a нефтегазоносность 
610 1 |a Западно-Сибирская плита 
610 1 |a геодинамика 
610 1 |a литосфера 
610 1 |a сейсморазведка 
610 1 |a электроразведка 
610 1 |a глубинные зоны 
675 |a 55(1/9)  |v 4 
675 |a 550.83  |v 4 
702 1 |a Пузырев  |b Н. Н.  |4 340 
712 0 2 |a Академия наук СССР (АН СССР)  |b Сибирское отделение (СО)  |b Институт геологии и геофизики (ИГиГ)  |c (Новосибирск)  |2 stltpush  |3 (RuTPU)RU\TPU\col\128 
801 1 |a RU  |b 63413507  |c 20151202 
801 2 |a RU  |b 63413507  |c 20191112  |g RCR 
942 |c BK